[Event "17. OIBM Bad Wiessee"]
[Site "Bad Wiessee"]
[Date "2013.11.01"]
[Round "8.27"]
[White "Osmanodja, Filiz"]
[Black "Klundt, Klaus"]
[Result "1-0"]
[WhiteElo "2247"]
[BlackElo "2340"]
[PlyCount "95"]
[EventDate "2013.??.??"]
[WhiteTeam "USV TU Dresden"]
[BlackTeam "SC Heusenstamm"]

1. e4 c5 2. Nf3 Nc6 3. d4 cxd4 4. Nxd4 Nf6 5. Nc3 e5 6. Ndb5 d6 7. Bg5 a6 8.
Na3 b5 9. Bxf6 gxf6 10. Nd5 Bg7 11. g3 f5 12. Bg2 fxe4 13. Bxe4 O-O 14. Ne3 Bb7
15. Qh5 h6 16. Qf5 Re8 17. Rd1 Kf8 18. Qh7 Qf6 19. Rxd6 Qxd6 20. Qxg7+ Kxg7 21.
Nf5+ Kf8 22. Nxd6 Na5 23. Nxb7 Nxb7 24. Bxb7 Ra7 25. Be4 Rc7 26. Ke2 Rd8 27.
Rd1 Rxd1 28. Kxd1 Ke7 29. c3 Ke6 30. g4 h5 31. h3 Kf6 32. Nc2 Kg5 33. Ne3 Kh4
34. Nf5+ Kg5 35. Ne3 Kh4 36. Nf5+ Kg5 37. f3 hxg4 38. hxg4 f6 39. Ne3 Rc8 40.
Nd5 a5 41. Kc2 Rh8 42. Kb3 Rb8 43. Ne7 Rb6 44. Nc6 Ra6 45. a4 Rb6 46. Nxa5
bxa4+ 47. Kxa4 Rxb2 48. c4 1-0

[Event "17. OIBM Bad Wiessee"]
[Site "Bad Wiessee"]
[Date "2013.11.01"]
[Round "8.28"]
[White "Eichhorn, Andreas"]
[Black "Jahnz, Fabian"]
[Result "0-1"]
[WhiteElo "2331"]
[BlackElo "2226"]
[PlyCount "120"]
[EventDate "2013.??.??"]
[WhiteTeam "Kölner SK Dr. Lasker 186"]
[BlackTeam "SK König Tegel 1949 e.V."]

1. e4 e5 2. Nf3 Nc6 3. Nc3 Nf6 4. d4 exd4 5. Nxd4 Bb4 6. Nxc6 bxc6 7. Bd3 d5 8.
exd5 cxd5 9. O-O O-O 10. h3 c6 11. Qf3 Bd6 12. Bg5 Rb8 13. Rab1 Re8 14. Rfe1
Rxe1+ 15. Rxe1 Be6 16. Ne2 c5 17. b3 h6 18. Bd2 Bc7 19. Nf4 Qd6 20. Nxe6 fxe6
21. g3 e5 22. Qf5 e4 23. Bf1 Re8 24. Bb5 Qe6 25. Qxe6+ Rxe6 26. Kg2 Kf8 27. c3
Ke7 28. Be3 Bb6 29. Rd1 Rd6 30. Bf4 Rd8 31. f3 Ke6 32. c4 exf3+ 33. Kxf3 d4 34.
g4 Ba5 35. Ke2 Ne4 36. Kf3 Ng5+ 37. Kg2 Rf8 38. Rf1 Nxh3 39. Kxh3 g5 40. Kg2
Rxf4 41. Rxf4 gxf4 42. Kf3 d3 43. b4 cxb4 44. Kxf4 b3 45. c5 bxa2 46. Bc4+ Kd7
47. Bxa2 d2 48. Bb3 Kc6 49. Ke4 Kxc5 50. Kd3 Kb4 51. Bd1 Kc5 52. Bb3 Bb4 53.
Ba4 a5 54. Bb3 Kb5 55. Bc4+ Ka4 56. Kc2 Bc3 57. Bf7 Kb4 58. Be6 a4 59. Bf7 Kc5
60. Bg8 Kd4 0-1

[Event "17. OIBM Bad Wiessee"]
[Site "Bad Wiessee"]
[Date "2013.11.01"]
[Round "8.29"]
[White "Fauth, Dietmar"]
[Black "Sedina, Elena"]
[Result "0-1"]
[WhiteElo "2221"]
[BlackElo "2312"]
[PlyCount "48"]
[EventDate "2013.??.??"]
[WhiteTeam "SK Siemens München"]

1. e4 e6 2. d4 d5 3. Nc3 Bb4 4. e5 Ne7 5. Bd2 c5 6. a3 Bxc3 7. Bxc3 Nbc6 8. Nf3
cxd4 9. Bxd4 Nf5 10. Bc3 d4 11. Bd2 Nh4 12. Nxh4 Qxh4 13. Qf3 O-O 14. Qf4 Qh5
15. Bb5 Qxe5+ 16. Qxe5 Nxe5 17. f4 Bd7 18. Be2 Nc6 19. O-O-O Rac8 20. Be3 e5
21. fxe5 Bf5 22. Bf4 Nb4 23. c4 dxc3 24. b3 Na2# 0-1

[Event "17. OIBM Bad Wiessee"]
[Site "Bad Wiessee"]
[Date "2013.11.01"]
[Round "8.30"]
[White "Hilverda, Alexander"]
[Black "Müller, Constantin"]
[Result "1-0"]
[WhiteElo "2303"]
[BlackElo "2010"]
[PlyCount "97"]
[EventDate "2013.??.??"]
[WhiteTeam "SC Erlangen 48/88 e.V."]
[BlackTeam "SK München Südost e.V."]

1. e4 e6 2. d4 d5 3. Nc3 Bb4 4. exd5 exd5 5. Bd3 Ne7 6. Qf3 Be6 7. Qg3 Kf8 8.
Bf4 c5 9. Bc7 Qe8 10. dxc5 Nbc6 11. a3 Bxc5 12. Nge2 h5 13. Na4 Bd4 14. O-O h4
15. Qf4 Bf6 16. Nc5 Qc8 17. Rfe1 h3 18. g3 Bf5 19. Bxf5 Qxf5 20. Qxf5 Nxf5 21.
Nd7+ Kg8 22. Nxf6+ gxf6 23. Rad1 Rc8 24. Bf4 d4 25. c3 dxc3 26. Nxc3 Ncd4 27.
Rd3 Kg7 28. f3 Rhe8 29. Rxe8 Rxe8 30. Kf2 Ne6 31. Bd2 Re7 32. g4 Nfd4 33. f4
Nc6 34. Rxh3 Nc5 35. b4 Rd7 36. Be3 Nd3+ 37. Ke2 b6 38. Rh5 Nb2 39. Rd5 Re7 40.
b5 Na5 41. Kf3 Nbc4 42. Rd3 Nxa3 43. h4 Nc2 44. Bf2 Na3 45. h5 Rc7 46. Bh4 Rc4
47. Ne4 Rc8 48. Bxf6+ Kg8 49. Ng5 1-0

[Event "17. OIBM Bad Wiessee"]
[Site "Bad Wiessee"]
[Date "2013.11.01"]
[Round "8.31"]
[White "Pfadenhauer, Johannes"]
[Black "Bücker, Stefan"]
[Result "0-1"]
[WhiteElo "2028"]
[BlackElo "2301"]
[PlyCount "62"]
[EventDate "2013.??.??"]
[WhiteTeam "TSV Bindlach Aktionär-Schachabte"]
[BlackTeam "SC Pforzheim 1906"]

1. d4 d6 2. e4 f5 3. Nc3 Nf6 4. Bd3 fxe4 5. Nxe4 Nc6 6. Nxf6+ exf6 7. Qh5+ g6
8. Bxg6+ hxg6 9. Qxh8 Qe7+ 10. Be3 Nb4 11. Nf3 Nxc2+ 12. Kd2 Bf5 13. Rae1 Nxe1
14. Rxe1 O-O-O 15. Bg5 Qg7 16. Qxg7 Bxg7 17. Be3 Rh8 18. h3 Be4 19. Ke2 Rh5 20.
Bd2 Bd5 21. b3 a5 22. Ra1 Kd7 23. Ne1 Bc6 24. a4 b6 25. f3 f5 26. Rd1 Bd5 27.
b4 Bc4+ 28. Ke3 f4+ 29. Kxf4 Be2 30. g4 Bh6+ 31. Ke4 d5# 0-1

[Event "17. OIBM Bad Wiessee"]
[Site "Bad Wiessee"]
[Date "2013.11.01"]
[Round "8.32"]
[White "Vogel, Roven"]
[Black "Cordts, Ingo"]
[Result "1-0"]
[WhiteElo "2105"]
[BlackElo "2296"]
[PlyCount "57"]
[EventDate "2013.??.??"]
[WhiteTeam "Siebenlehner SV"]
[BlackTeam "Ford-SF Köln e.V."]

1. d4 d5 2. c4 c6 3. Nf3 Nf6 4. Nc3 dxc4 5. g3 g6 6. Bg2 Bg7 7. O-O O-O 8. a4
a5 9. e4 Nfd7 10. Qe2 b5 11. e5 b4 12. Ne4 Nb6 13. Rd1 Be6 14. h4 Bd5 15. h5
Na6 16. Nfg5 Nc7 17. Qg4 f6 18. Nxh7 gxh5 19. Qxh5 Re8 20. Qh4 Nd7 21. exf6
exf6 22. Nd6 Bxg2 23. Kxg2 Re6 24. Nf5 Ne5 25. dxe5 Qxd1 26. Bh6 Qd5+ 27. f3
Bxh6 28. Nxf6+ Rxf6 29. Ne7+ 1-0

[Event "17. OIBM Bad Wiessee"]
[Site "Bad Wiessee"]
[Date "2013.11.01"]
[Round "8.33"]
[White "Rausch, Stephan"]
[Black "Walter, Thomas"]
[Result "1-0"]
[WhiteElo "2294"]
[BlackElo "2082"]
[PlyCount "71"]
[EventDate "2013.??.??"]
[WhiteTeam "SG Leipzig"]
[BlackTeam "SC Erlangen 48/88 e.V."]

1. d4 Nf6 2. Nf3 e6 3. Bg5 c5 4. e3 b6 5. c4 h6 6. Bh4 cxd4 7. exd4 Bb4+ 8. Nc3
Bb7 9. Rc1 O-O 10. Bd3 d5 11. cxd5 Bxd5 12. O-O Bxc3 13. bxc3 g5 14. Bg3 Nh5
15. Ne5 Nxg3 16. fxg3 f5 17. Qh5 Rf6 18. Ng4 Kg7 19. Nxf6 Qxf6 20. g4 f4 21.
Rce1 Nd7 22. Be4 Rc8 23. Bxd5 exd5 24. Qh3 Qd6 25. Qd3 Nf6 26. Qf5 Rxc3 27. Re6
Qf8 28. Rfe1 Re3 29. R1xe3 fxe3 30. Kf1 Qf7 31. Qe5 Qf8 32. h4 e2+ 33. Kxe2
gxh4 34. g5 hxg5 35. Qxg5+ Kh7 36. Qxf6 1-0

[Event "17. OIBM Bad Wiessee"]
[Site "Bad Wiessee"]
[Date "2013.11.01"]
[Round "8.35"]
[White "Bogner, Sebastian"]
[Black "Krahe, Frank"]
[Result "1-0"]
[WhiteElo "2552"]
[BlackElo "2192"]
[PlyCount "81"]
[EventDate "2013.??.??"]
[WhiteTeam "SC Eppingen"]
[BlackTeam "SAbt TuS Dotzheim"]

1. Nf3 c5 2. c4 Nf6 3. Nc3 Nc6 4. d4 cxd4 5. Nxd4 e6 6. a3 d5 7. cxd5 exd5 8.
Bg5 Be7 9. e3 O-O 10. Be2 h6 11. Bh4 a6 12. O-O Ne5 13. Rc1 Be6 14. Qb3 b5 15.
Rfd1 Qd7 16. a4 b4 17. Bxf6 gxf6 18. Nb1 Kh8 19. e4 dxe4 20. Qe3 Kg7 21. Nf5+
Bxf5 22. Rxd7 Bxd7 23. Nd2 Rac8 24. Nxe4 Rxc1+ 25. Qxc1 Rc8 26. Qd1 Bf5 27. Ng3
Bc2 28. Qd2 b3 29. h4 Rd8 30. Qf4 Rd6 31. Nh5+ Kh7 32. Qg3 Bg6 33. Qxb3 Nd3 34.
Qb7 Re6 35. Bxd3 Bxd3 36. Nxf6+ Kg6 37. Qd5 Bf5 38. g4 Rxf6 39. gxf5+ Rxf5 40.
Qc6+ Rf6 41. Qe4+ 1-0

[Event "17. OIBM Bad Wiessee"]
[Site "Bad Wiessee"]
[Date "2013.11.01"]
[Round "8.36"]
[White "Valenti, Giuseppe"]
[Black "Forchert, Martin"]
[Result "0-1"]
[WhiteElo "2177"]
[BlackElo "2398"]
[PlyCount "104"]
[EventDate "2013.??.??"]
[BlackTeam "Bielefelder SK von 1883"]

1. e4 Nf6 2. e5 Nd5 3. d4 d6 4. c4 Nb6 5. f4 g6 6. Nc3 Bg7 7. Be3 O-O 8. c5
N6d7 9. Nf3 c6 10. Qd2 b6 11. Rd1 bxc5 12. dxc5 dxe5 13. Nxe5 Qc7 14. Nc4 Nf6
15. Be2 Bf5 16. O-O Nbd7 17. h3 Rad8 18. Qc1 Ne4 19. Nxe4 Bxe4 20. Bf3 Bxf3 21.
Rxf3 Nf6 22. Rff1 Rd5 23. Qc2 Rfd8 24. Rd2 Rxd2 25. Bxd2 Qd7 26. Rf3 Qd4+ 27.
Be3 Qd5 28. Na5 Ne4 29. Qa4 Rc8 30. Qc2 f5 31. Nb3 Kf7 32. Rf1 Rd8 33. Na5 Rb8
34. b3 Rd8 35. Kh2 Rd7 36. Qc4 Qxc4 37. Nxc4 Rd3 38. Re1 Ke8 39. g4 Kd7 40.
gxf5 gxf5 41. Rg1 Bf6 42. Rg8 Rc3 43. Rg2 Kc7 44. Bd2 Nxd2 45. Nxd2 Rxc5 46.
Nc4 Rd5 47. Re2 Rd4 48. Kg3 h5 49. Kf3 Rd3+ 50. Re3 Rd1 51. Ke2 Rh1 52. Rf3
Rh2+ 0-1

[Event "17. OIBM Bad Wiessee"]
[Site "Bad Wiessee"]
[Date "2013.11.01"]
[Round "8.37"]
[White "Möhn, Hans"]
[Black "Lampert, Jonas"]
[Result "1/2-1/2"]
[WhiteElo "2181"]
[BlackElo "2376"]
[PlyCount "77"]
[EventDate "2013.??.??"]
[WhiteTeam "USV TU Dresden"]
[BlackTeam "HSK von 1830 eV"]

1. d4 Nf6 2. c4 e6 3. g3 d5 4. Bg2 c5 5. cxd5 Nxd5 6. Nf3 cxd4 7. O-O Be7 8.
Nxd4 O-O 9. e4 Nb4 10. Na3 N8c6 11. Be3 Nxd4 12. Qxd4 Qxd4 13. Bxd4 Bd7 14.
Rfc1 e5 15. Be3 Rfc8 16. Bf1 Rxc1 17. Rxc1 Bc6 18. Nc4 Bxe4 19. Nxe5 Nxa2 20.
Ra1 Nb4 21. Bc4 Bf6 22. Nd7 Bd5 23. Nb6 Bxc4 24. Nxc4 a6 25. Rd1 b5 26. Nb6 Re8
27. b3 Nc2 28. Bc5 Re1+ 29. Rxe1 Nxe1 30. Nd5 Bd4 31. Bd6 Nd3 32. Nc7 Nxf2 33.
Kg2 Ne4 34. Bb4 Bc5 35. Ba5 Bd6 36. Nxa6 Kf8 37. Kf3 Nf6 38. Nb4 Bxb4 39. Bxb4+
1/2-1/2

[Event "17. OIBM Bad Wiessee"]
[Site "Bad Wiessee"]
[Date "2013.11.01"]
[Round "8.39"]
[White "Tan, Justin"]
[Black "Smits, Mark"]
[Result "1-0"]
[WhiteElo "2333"]
[BlackElo "2163"]
[PlyCount "91"]
[EventDate "2013.??.??"]
[BlackTeam "Paul Keres"]

1. e4 e5 2. Nf3 Nc6 3. Bc4 Bc5 4. c3 Qe7 5. O-O d6 6. d4 Bb6 7. d5 Nb8 8. a4 a6
9. Na3 Nf6 10. Bd3 Nbd7 11. b4 Nf8 12. Nc4 Ba7 13. Ba3 Ng6 14. b5 Bg4 15. h3
Bh5 16. g3 Qd7 17. Kg2 O-O 18. Rb1 axb5 19. axb5 Rae8 20. b6 Bxb6 21. Nxb6 cxb6
22. Bb5 Qc8 23. Bxe8 Nxe4 24. Bb5 Nxc3 25. Qc2 Nxb1 26. Qxb1 Bxf3+ 27. Kxf3
Qxh3 28. Rh1 Nh4+ 29. Ke2 Qg4+ 30. Kf1 Nf5 31. Be2 Qg6 32. Bd3 Nxg3+ 33. fxg3
f5 34. Kg2 e4 35. Bc2 f4 36. Rh3 f3+ 37. Kh2 f2 38. Qf1 Rf3 39. Bc1 Qf5 40. Rh4
Qe5 41. Bf4 Qxd5 42. Bd1 Ra3 43. Be2 Qc5 44. Rh5 Qc2 45. Bc4+ Kh8 46. Rxh7+ 1-0

[Event "17. OIBM Bad Wiessee"]
[Site "Bad Wiessee"]
[Date "2013.11.01"]
[Round "8.40"]
[White "Giemsa, Stephan"]
[Black "Xiong, Ferdinand"]
[Result "1-0"]
[WhiteElo "2321"]
[BlackElo "2102"]
[PlyCount "57"]
[EventDate "2013.??.??"]
[WhiteTeam "SK König Tegel 1949 e.V."]
[BlackTeam "SC Vaterstetten"]

1. d4 Nf6 2. c4 g6 3. Nc3 Bg7 4. e4 O-O 5. Bd3 d6 6. Nge2 c5 7. d5 e6 8. O-O
exd5 9. cxd5 Re8 10. Ng3 Nbd7 11. f4 h5 12. e5 dxe5 13. f5 e4 14. Ngxe4 Nxe4
15. Nxe4 Ne5 16. fxg6 fxg6 17. Bc2 Bg4 18. Qd2 Qb6 19. d6 c4+ 20. Kh1 Rf8 21.
Qd5+ Kh8 22. Bd2 Be2 23. Rxf8+ Rxf8 24. Bc3 Ng4 25. h3 Nf2+ 26. Nxf2 Qxf2 27.
Bxg6 Bf3 28. gxf3 Rxf3 29. Qxh5+ 1-0

[Event "17. OIBM Bad Wiessee"]
[Site "Bad Wiessee"]
[Date "2013.11.01"]
[Round "8.41"]
[White "Maier, Alexander"]
[Black "Kaeding, Rainer"]
[Result "1-0"]
[WhiteElo "2311"]
[BlackElo "2151"]
[PlyCount "83"]
[EventDate "2013.??.??"]
[WhiteTeam "SK Ingolstadt"]
[BlackTeam "SV Castrop-Rauxel 1923"]

1. e4 c5 2. Nf3 e6 3. b3 a6 4. Bb2 Nc6 5. c4 Qc7 6. g3 Nf6 7. e5 Ng4 8. Qe2 Be7
9. Bh3 Nh6 10. Nc3 f6 11. exf6 Bxf6 12. Nd5 Qd8 13. Nxf6+ gxf6 14. Qe3 Nf7 15.
Qxc5 d6 16. Qh5 O-O 17. O-O Nfe5 18. Bg2 Qb6 19. d4 Nxc4 20. Bc3 Na3 21. d5 Nb5
22. Ng5 fxg5 23. Qxg5+ Kf7 24. Qg7+ Ke8 25. dxc6 Nxc3 26. Qxc3 Ke7 27. Rad1
bxc6 28. Bxc6 Bb7 29. Bxb7 Qxb7 30. Qd3 d5 31. Qxh7+ Rf7 32. Qh4+ Kd6 33. Rd2
Raf8 34. Re2 e5 35. Qa4 d4 36. Qa3+ Kd5 37. Rc1 Qb6 38. b4 Rf3 39. Qb2 Qf6 40.
Rc5+ Kd6 41. Qc1 Qf5 42. Rc7 1-0

[Event "17. OIBM Bad Wiessee"]
[Site "Bad Wiessee"]
[Date "2013.11.01"]
[Round "8.44"]
[White "Kaiser, Elmar"]
[Black "Schuster, Karsten"]
[Result "1-0"]
[WhiteElo "2158"]
[BlackElo "2280"]
[PlyCount "70"]
[EventDate "2013.??.??"]
[WhiteTeam "SK Tauberbischofsheim"]
[BlackTeam "SC Gröbenzell"]

1. Nf3 d5 2. d4 c6 3. c4 Nf6 4. Nc3 a6 5. e3 Bf5 6. Be2 h6 7. O-O b5 8. b3 e6
9. Bb2 Be7 10. Ne5 O-O 11. Re1 Qc7 12. Rc1 Qb7 13. c5 Nbd7 14. Nxd7 Qxd7 15.
Bf3 Bh7 16. g3 Bd8 17. Bg2 Bc7 18. Ne2 Rae8 19. Nf4 Qc8 20. Nd3 Nd7 21. f4 Bf5
22. Nf2 Nf6 23. e4 Nxe4 24. Nxe4 Bxe4 25. Bxe4 dxe4 26. Rxe4 Bd8 27. Qe2 Bf6
28. g4 Rd8 29. h4 Bxh4 30. Kg2 Rd5 31. Rh1 Qd8 32. g5 hxg5 33. fxg5 Rxg5+ 34.
Rg4 Qd5+ 35. Kg1 Bf2+ 1-0

[Event "17. OIBM Bad Wiessee"]
[Site "Bad Wiessee"]
[Date "2013.11.01"]
[Round "8.45"]
[White "Stockmann, Michael"]
[Black "Bäuml, Ulrich"]
[Result "1/2-1/2"]
[WhiteElo "2275"]
[BlackElo "2103"]
[PlyCount "93"]
[EventDate "2013.??.??"]
[WhiteTeam "SF Schöneck"]
[BlackTeam "SC Dillingen"]

1. d4 e6 2. c4 d5 3. Nf3 c5 4. cxd5 exd5 5. g3 Nc6 6. Bg2 Nf6 7. O-O Be7 8.
dxc5 Bxc5 9. Bg5 Be6 10. Nc3 d4 11. Bxf6 Qxf6 12. Ne4 Qe7 13. Nxc5 Qxc5 14. b4
Qxb4 15. Rb1 Qd6 16. Rxb7 O-O 17. Qa4 Rab8 18. Rfb1 Rxb7 19. Rxb7 Bd5 20. Qa6
Qc5 21. Rc7 Qd6 22. Rxa7 Qd8 23. Rb7 Nb8 24. Rxb8 Qxb8 25. Nxd4 Qb1+ 26. Bf1
Qe4 27. Nf3 Ra8 28. Qd6 Bxa2 29. Nd2 Qe8 30. Nf3 h6 31. h4 Rd8 32. Qe5 Qd7 33.
Qa1 Bd5 34. Bg2 Qb7 35. Qd4 Re8 36. Qd2 Qb5 37. Nd4 Qb1+ 38. Kh2 Bxg2 39. Kxg2
Qe4+ 40. Kg1 Rd8 41. e3 Rb8 42. Kh2 Rb1 43. Nf3 Kh7 44. Kg2 f5 45. Qd4 Qb7 46.
Qd3 Kg6 47. h5+ 1/2-1/2

[Event "17. OIBM Bad Wiessee"]
[Site "Bad Wiessee"]
[Date "2013.11.01"]
[Round "8.46"]
[White "Ott, Florian"]
[Black "Heimrath, Reiner"]
[Result "0-1"]
[WhiteElo "2135"]
[BlackElo "2266"]
[PlyCount "106"]
[EventDate "2013.??.??"]
[WhiteTeam "SG Siemens Amberg"]
[BlackTeam "SC NT Nürnberg 1873"]

1. d4 g6 2. e4 d5 3. exd5 Qxd5 4. c4 Qd8 5. Nf3 Bg7 6. Be2 c6 7. h3 Nh6 8. Bd2
Nd7 9. Bc3 Nf6 10. Nbd2 Nh5 11. Ne4 Bf5 12. Nc5 b6 13. Nb3 Nf4 14. Bf1 Qc8 15.
Qd2 Qe6+ 16. Ne5 g5 17. O-O-O O-O-O 18. Nf3 Qg6 19. h4 f6 20. g3 Be4 21. h5 Qf5
22. Nh4 gxh4 23. Rxh4 Ng2 24. Rh2 Ng4 25. Rxg2 Bxg2 26. Bxg2 Qxf2 27. Qxf2 Nxf2
28. Rf1 Ng4 29. Bh3 Bh6+ 30. Bd2 Bxd2+ 31. Kxd2 Rhg8 32. Rf4 f5 33. Rxf5 Kb8
34. Rf7 e5 35. Bg2 Rgf8 36. Rxf8 Rxf8 37. Bxc6 exd4 38. Nxd4 Rf2+ 39. Kc3 Rh2
40. Bf3 Ne5 41. Nc6+ Nxc6 42. Bxc6 Rh3 43. Be4 Rxg3+ 44. Kd4 h6 45. Bg6 Rg5 46.
b4 Kc7 47. a4 Kd6 48. Kc3 Rg3+ 49. Kd4 Rg4+ 50. Kc3 a5 51. c5+ bxc5 52. bxc5+
Kxc5 53. Kb3 Rg3+ 0-1

[Event "17. OIBM Bad Wiessee"]
[Site "Bad Wiessee"]
[Date "2013.11.01"]
[Round "8.49"]
[White "Wengler, Joerg"]
[Black "Ludwig, Peter"]
[Result "0-1"]
[WhiteElo "2106"]
[BlackElo "2243"]
[PlyCount "46"]
[EventDate "2013.??.??"]
[WhiteTeam "FC Bayern München e.V."]
[BlackTeam "Klub Kölner SF e.V. 1"]

1. e4 e6 2. d4 d5 3. Nd2 c5 4. Ngf3 cxd4 5. exd5 Qxd5 6. Bc4 Qd8 7. O-O Nf6 8.
Nb3 Nc6 9. Nbxd4 Nxd4 10. Nxd4 Bc5 11. Nb5 O-O 12. Bg5 a6 13. Nc3 Qxd1 14.
Raxd1 b5 15. Bd3 Bb7 16. Bxf6 gxf6 17. Be4 Rab8 18. Bxb7 Rxb7 19. Ne4 Be7 20.
Rd3 f5 21. Nd6 Rc7 22. c3 Rd8 23. Rfd1 Rcd7 0-1